|
|
|
|
| LEADER |
02514nam a2200649 i 4500 |
| 001 |
nkc20253719333 |
| 003 |
CZ PrNK |
| 005 |
20260114081745.0 |
| 007 |
ta |
| 008 |
251107s2025 xr a c 000 0dcze |
| 015 |
|
|
|a cnb003719333
|
| 020 |
|
|
|a 978-80-7036-864-0
|q (brožováno)
|
| 035 |
|
|
|a (OCoLC)1572322608
|
| 040 |
|
|
|a BOA001
|b cze
|e rda
|
| 043 |
|
|
|a e-xr---
|
| 045 |
|
|
|a w-x-
|
| 072 |
|
7 |
|a 903
|x Pravěk
|2 Konspekt
|9 8
|
| 072 |
|
7 |
|a 0/9-053.2
|x Literatura pro děti a mládež (naučná)
|2 Konspekt
|9 26
|
| 080 |
|
|
|a 821.162.3-051
|2 MRF
|
| 080 |
|
|
|a 902-051
|2 MRF
|
| 080 |
|
|
|a 821.162.3-3
|2 MRF
|
| 080 |
|
|
|a 903
|2 MRF
|
| 080 |
|
|
|a 929
|2 MRF
|
| 080 |
|
|
|a (437.3)
|2 MRF
|
| 080 |
|
|
|a (076.1)
|2 MRF
|
| 080 |
|
|
|a (0.053.2)
|2 MRF
|
| 100 |
1 |
|
|a Stejskalová, Johana
|7 ola2018997272
|4 aut
|
| 245 |
1 |
0 |
|a Vzhůru do pravěku s Eduardem Štorchem :
|b interaktivní průvodce výstavou Pravěká dobrodružství Eduarda Štorcha pro rodiny s dětmi /
|c Johana Stejskalová, Lucie Vélová
|
| 246 |
3 |
0 |
|a Pravěká dobrodružství Eduarda Štorcha
|
| 264 |
|
1 |
|a Praha :
|b Národní muzeum :
|b Památník národního písemnictví, Muzeum literatury,
|c 2025
|
| 300 |
|
|
|a 23 stran :
|b ilustrace (některé barevné), mapy ;
|c 30 cm
|
| 336 |
|
|
|a text
|b txt
|2 rdacontent
|
| 336 |
|
|
|a statický obraz
|b sti
|2 rdacontent
|
| 337 |
|
|
|a bez média
|b n
|2 rdamedia
|
| 338 |
|
|
|a svazek
|b nc
|2 rdacarrier
|
| 500 |
|
|
|a Název z obálky
|
| 600 |
1 |
7 |
|a Štorch, Eduard,
|d 1878-1956
|7 jk01131478
|2 czenas
|
| 648 |
|
7 |
|a 19.-20. století
|7 ch757015
|2 czenas
|
| 648 |
|
7 |
|a 20. století
|7 ch460558
|2 czenas
|
| 650 |
0 |
7 |
|a čeští spisovatelé
|7 ph128175
|y 19.-20. století
|2 czenas
|
| 650 |
0 |
7 |
|a archeologové
|7 ph118581
|z Česko
|y 19.-20. století
|2 czenas
|
| 650 |
0 |
7 |
|a česká próza
|7 ph116861
|y 20. století
|2 czenas
|
| 650 |
0 |
7 |
|a pravěk
|7 ph117254
|2 czenas
|
| 650 |
0 |
9 |
|a Czech authors
|y 19th-20th centuries
|2 eczenas
|
| 650 |
0 |
9 |
|a archaeologists
|z Czechia
|y 19th-20th centuries
|2 eczenas
|
| 650 |
0 |
9 |
|a Czech prose literature
|y 20th century
|2 eczenas
|
| 650 |
0 |
9 |
|a prehistory
|2 eczenas
|
| 655 |
|
7 |
|a pracovní sešity
|7 fd133116
|2 czenas
|
| 655 |
|
7 |
|a publikace pro děti
|7 fd133156
|2 czenas
|
| 655 |
|
9 |
|a activity books
|2 eczenas
|
| 655 |
|
9 |
|a children's literature
|2 eczenas
|
| 700 |
1 |
|
|a Vélová, Lucie
|7 xx0258307
|4 aut
|
| 910 |
2 |
|
|a BOA001
|b 4-1554.016
|
| 990 |
|
|
|a BK
|
| 995 |
|
|
|a 01
|
| 991 |
|
|
|b 202511
|c NOV
|
| 996 |
6 |
|
|b 2611018342
|c 4-1554.016
|l MZK
|r Sklad / do 1 hodiny
|n 0
|p p.v.
|w 002025595
|u 000010
|a 1
|e BOA001
|j MZK50
|s P
|